| 000 | 00970nas a2200313 4500 | ||
|---|---|---|---|
| 001 | BR0400192 | ||
| 003 | BR-BrBNA | ||
| 005 | 20231205104301.0 | ||
| 007 | ta | ||
| 008 | 230509b bl.|||p| |||| 00| 00por d | ||
| 040 |
_aBR-BrBNA _bpor _cBiblioteca Nacional de Agricultura |
||
| 041 | _a(En) | ||
| 072 | _aL53 | ||
| 100 | 1 | _aCarvalho, N.A.T. | |
| 100 | 1 | _aBaruselli, P.S. | |
| 100 | 1 | _aZicarelli, L. | |
| 100 | 1 | _aCampanille, G. | |
| 100 | 1 | _aPrandi, A. | |
| 100 | 1 | _aD´Occhio, M.J. | |
| 245 | 1 | _aLh profile and ovulation rate in superovulated buffaloes treated with GnRH agonist and CIDR-B devices (preliminary results) | |
| 650 | _aBÚFALO | ||
| 650 | _aOVÁRIO | ||
| 650 | _aOVULAÇÃO | ||
| 650 | _aREPRODUÇÃO ANIMAL | ||
| 650 | _aHORMÔNIO | ||
| 773 | 0 |
_tRevista Brasileira de Reprodução Animal (Brazil) _xISSN 0102-0803 _g(Jul-Sep 2003), v. 27(3) p. 459-460 _wBR0400192 |
|
| 909 |
_a202311 _bLúcia _c55 _dLúcia Elande |
||
| 942 |
_2AGRIS _n0 _cANA |
||
| 999 |
_c177351 _d177351 |
||